[Event "EU-chT U18 7th"]
[Site "Subotica"]
[Date "2007.07.11"]
[Round "4"]
[White "Plenca, Julian"]
[Black "Oksa, Jaakko"]
[Result "1-0"]
[WhiteElo "2204"]
[BlackElo "2035"]
[PlyCount "119"]
[EventDate "2007.07.08"]
[EventType "team-swiss"]
[EventRounds "7"]
[EventCountry "YUG"]
[SourceTitle "EXT 2020"]
[Source "ChessBase"]
[SourceDate "2019.10.17"]
[SourceVersion "1"]
[SourceVersionDate "2019.10.17"]
[SourceQuality "1"]
[WhiteTeam "Croatia U18"]
[BlackTeam "Finland U18"]
[WhiteTeamCountry "CRO"]
[BlackTeamCountry "FIN"]

1. e4 c5 2. Nf3 d6 3. Bb5+ Nc6 4. Bxc6+ bxc6 5. 0-0 Bg4 6. h3 Bh5 7. Re1 e5 8. d3 f6 9. Nbd2 Ne7 10. c3 d5 11. d4 cxd4 12. cxd4 dxe4 13. Nxe4 f5 14. Ng3 Bxf3 15. Qxf3 e4 16. Qc3 Qd7 17. f3 Nd5 18. Qc2 Bb4 19. Re2 0-0 20. fxe4 fxe4 21. Nxe4 Rae8 22. Ng5 g6 23. Nf3 Rxf3 24. gxf3 Rf8 25. Qe4 Qxh3 26. Qe6+ Qxe6 27. Rxe6 Rxf3 28. Rxc6 Rd3 29. Rc4 Rd1+ 30. Kf2 h5 31. a3 Bd6 32. Rc8+ Kf7 33. Rd8 Ke6 34. Rxd6+ Kxd6 35. Bf4+ Nxf4 36. Rxd1 Kd5 37. Kf3 g5 38. Re1 Nd3 39. Rg1 g4+ 40. Ke3 Nxb2 41. Rh1 Nc4+ 42. Kd3 Nb2+ 43. Kc3 Na4+ 44. Kb3 Nb6 45. Rxh5+ Kxd4 46. Rg5 Nd5 47. Rxg4+ Kc5 48. Rg7 a6 49. Rg6 Nb6 50. Rg5+ Kc6 51. Kb4 Nd7 52. a4 Kb6 53. Rg6+ Kb7 54. Rd6 Nb8 55. Rh6 Nd7 56. a5 Nb8 57. Kc5 Nd7+ 58. Kd6 Nb8 59. Rh7+ Ka8 60. Rg7 1-0

[Event "EU-chT U18 7th"]
[Site "Subotica"]
[Date "2007.07.08"]
[Round "1"]
[White "Vlashki, Nino"]
[Black "Oksa, Jaakko"]
[Result "1-0"]
[WhiteElo "2009"]
[BlackElo "2035"]
[PlyCount "81"]
[EventDate "2007.07.08"]
[EventType "team-swiss"]
[EventRounds "7"]
[EventCountry "YUG"]
[SourceTitle "EXT 2020"]
[Source "ChessBase"]
[SourceDate "2019.10.17"]
[SourceVersion "1"]
[SourceVersionDate "2019.10.17"]
[SourceQuality "1"]
[WhiteTeam "Bulgaria U18"]
[BlackTeam "Finland U18"]
[WhiteTeamCountry "BUL"]
[BlackTeamCountry "FIN"]

1. e4 c5 2. Nf3 d6 3. Bb5+ Bd7 4. Bxd7+ Qxd7 5. c4 Nf6 6. Nc3 Nc6 7. d4 cxd4 8. Nxd4 e6 9. 0-0 Be7 10. Be3 0-0 11. Qe2 Rac8 12. Rad1 b6 13. f4 Qb7 14. f5 e5 15. Nb3 Na5 16. Nd2 Qa6 17. b3 Nc6 18. Ndb1 Rfe8 19. g4 Nd4 20. Bxd4 exd4 21. Rxd4 d5 22. Rxd5 Nxd5 23. Nxd5 Bc5+ 24. Kh1 b5 25. f6 g6 26. b4 Bf8 27. c5 Qe6 28. Nbc3 Bxc5 29. bxc5 Rxc5 30. Qe3 Qd6 31. Ne7+ Rxe7 32. fxe7 Qxe7 33. Qf3 Qe6 34. Nd5 Rc2 35. a3 a5 36. Qf4 Rc4 37. g5 f5 38. gxf6 Qxe4+ 39. Qxe4 Rxe4 40. f7+ Kf8 41. Nf6 1-0

[Event "FIN-chT1A 0607"]
[Site "Finland"]
[Date "2007.02.10"]
[Round "6.4"]
[White "Kivijarvi, Juha"]
[Black "Oksa, Jaakko"]
[Result "1/2-1/2"]
[WhiteElo "2232"]
[BlackElo "2016"]
[PlyCount "163"]
[EventDate "2006.09.16"]
[EventType "team-tourn"]
[EventRounds "7"]
[EventCountry "FIN"]
[SourceTitle "EXT 2022"]
[Source "ChessBase"]
[SourceDate "2021.10.06"]
[SourceVersion "1"]
[SourceVersionDate "2021.10.06"]
[SourceQuality "1"]
[WhiteTeam "Salo SK"]
[BlackTeam "Turku SY"]
[WhiteTeamCountry "FIN"]
[BlackTeamCountry "FIN"]

1. e4 c5 2. Nf3 d6 3. Bb5+ Bd7 4. Bxd7+ Qxd7 5. 0-0 Nc6 6. c3 Nf6 7. d4 Nxe4 8. d5 Ne5 9. Re1 Nxf3+ 10. Qxf3 Nf6 11. c4 h5 12. h3 0-0-0 13. Nc3 g6 14. Rb1 Rg8 15. Bg5 Qf5 16. Qg3 Rd7 17. b4 Nh7 18. Bd2 Bg7 19. Nb5 a6 20. Qa3 cxb4 21. Bxb4 Be5 22. Na7+ Kd8 23. Nc6+ Ke8 24. Nxe5 dxe5 25. d6 exd6 26. Bxd6 f6 27. Qc5 Ng5 28. Bxe5 Ne6 29. Qc8+ Rd8 30. Qxb7 fxe5 31. Qc6+ Kf7 32. Rb7+ Kf6 33. Qxa6 Ra8 34. Qd6 Rge8 35. Rb3 Red8 36. Qc6 Rac8 37. Qa6 e4 38. f3 Qc5+ 39. Kh1 Ra8 40. Qb7 Rxa2 41. Qxe4 Rd6 42. f4 Ra5 43. f5 gxf5 44. Qh4+ Ng5 45. Qxh5 f4 46. Qh6+ Kf5 47. g4+ fxg3 48. Rf1+ Qf2 49. Rxf2+ gxf2 50. Qf8+ Rf6 51. Qc8+ Ke4 52. Qe8+ Re6 53. Qf8 Ra1+ 54. Kg2 Rg1+ 55. Kxf2 Nxh3+ 56. Rxh3 Rf6+ 57. Qxf6 Rf1+ 58. Ke2 Rxf6 59. Rh4+ Ke5 60. Ke3 Rg6 61. Rh5+ Kd6 62. Kd4 Rg4+ 63. Kc3 Kc6 64. Kb4 Rg6 65. Ra5 Kb6 66. c5+ Kb7 67. Kb5 Rg5 68. Ra4 Rh5 69. Rg4 Rh7 70. Rg6 Kc7 71. Ra6 Kb7 72. Rb6+ Ka7 73. Kc6 Rh6+ 74. Kc7 Rh7+ 75. Kc8 Rh8+ 76. Kd7 Rh7+ 77. Kc6 Rh6+ 78. Kb5 Rxb6+ 79. cxb6+ Kb7 80. Kc5 Kb8 81. Kc6 Kc8 82. Kd5 1/2-1/2

[Event "FIN-chT1A 0506"]
[Site "Finland"]
[Date "2006.03.11"]
[Round "7.4"]
[White "Oksa, Jaakko"]
[Black "Korhonen, Pasi"]
[Result "1/2-1/2"]
[WhiteElo "1911"]
[BlackElo "2092"]
[PlyCount "111"]
[EventDate "2005.09.17"]
[EventType "team-tourn"]
[EventRounds "7"]
[EventCountry "FIN"]
[SourceTitle "EXT 2022"]
[Source "ChessBase"]
[SourceDate "2021.10.06"]
[SourceVersion "1"]
[SourceVersionDate "2021.10.06"]
[SourceQuality "1"]
[WhiteTeam "Turku SY"]
[BlackTeam "Helsinki HSK"]
[WhiteTeamCountry "FIN"]
[BlackTeamCountry "FIN"]

1. e4 e6 2. d4 d5 3. Nc3 Bb4 4. e5 c5 5. a3 Bxc3+ 6. bxc3 Nc6 7. Nf3 Qa5 8. Qd2 Nge7 9. a4 Bd7 10. Bd3 cxd4 11. cxd4 Qxd2+ 12. Kxd2 Na5 13. Ba3 Rc8 14. Rhb1 b6 15. Bb5 Nc4+ 16. Bxc4 Rxc4 17. a5 b5 18. Bc5 a6 19. Kd3 Nc6 20. c3 f6 21. exf6 gxf6 22. Nd2 Rxc5 23. dxc5 e5 24. Ke3 Rg8 25. g3 Bf5 26. Rb2 Kd7 27. f3 Rc8 28. f4 d4+ 29. cxd4 Nxd4 30. Rc1 Ne6 31. Nb3 Kc6 32. fxe5 fxe5 33. Rf2 Bg6 34. Rd2 Rd8 35. Rcd1 Nd4 36. Nxd4+ exd4+ 37. Rxd4 Re8+ 38. Kf2 Kxc5 39. Rd6 Rf8+ 40. Ke3 Re8+ 41. Kf3 Rf8+ 42. Ke3 Re8+ 43. Kf2 Rf8+ 44. Kg1 Ra8 45. h4 Kb4 46. Ra1 Kc5 47. Rf6 Bd3 48. Kf2 b4 49. Ke3 Bc2 50. Kd2 b3 51. Kc3 Rb8 52. Re1 Kb5 53. Re5+ Ka4 54. Kb2 Rb5 55. Rf4+ Kxa5 56. Re6 1/2-1/2

[Event "Naantali Summer op"]
[Site "Naantali"]
[Date "2005.07.??"]
[Round "6"]
[White "Oksa, Jaakko"]
[Black "Smeds, Tom"]
[Result "1-0"]
[WhiteElo "1911"]
[BlackElo "2120"]
[PlyCount "99"]
[EventDate "2005.07.04"]
[EventType "swiss"]
[EventRounds "9"]
[EventCountry "FIN"]
[SourceTitle "EXT 2022"]
[Source "ChessBase"]
[SourceDate "2021.10.06"]
[SourceVersion "1"]
[SourceVersionDate "2021.10.06"]
[SourceQuality "1"]

1. e4 d5 2. exd5 Qxd5 3. Nc3 Qd6 4. d4 Nf6 5. Nf3 a6 6. Bc4 b5 7. Bb3 Nbd7 8. a4 b4 9. Ne2 Bb7 10. Bf4 Qb6 11. a5 Qa7 12. Ng3 Rc8 13. Qe2 Bxf3 14. Qxf3 e6 15. 0-0 Bd6 16. d5 Bxf4 17. dxe6 fxe6 18. Qxf4 0-0 19. Bxe6+ Kh8 20. Bxd7 Nxd7 21. Qxb4 Rce8 22. Rad1 c5 23. Qc3 Nf6 24. h3 Ne4 25. Nxe4 Rxe4 26. Qd3 Rd4 27. Qe3 Qd7 28. Rxd4 cxd4 29. Qd3 Qa7 30. Rd1 Qc5 31. Qxd4 Qxa5 32. b4 Qb5 33. Rd3 a5 34. Rg3 Rg8 35. bxa5 Qxa5 36. c4 Qc7 37. Rf3 Rb8 38. Qf4 Qd8 39. c5 Qd1+ 40. Kh2 Rg8 41. c6 Qc2 42. c7 Qc5 43. Rd3 Qe7 44. Qd6 Qg5 45. Rd5 Qh4 46. g3 Qe4 47. Qd8 Qc2 48. Rd2 Qc5 49. Qd6 Qa7 50. c8Q 1-0

[Event "FAI-ch Junior Gr D"]
[Site "Torshavn"]
[Date "2003.02.??"]
[Round "3"]
[White "Agrest, Inna"]
[Black "Oksa, Jaakko"]
[Result "1/2-1/2"]
[WhiteElo "1000"]
[BlackElo "1734"]
[PlyCount "81"]
[EventDate "2003.02.??"]
[EventType "swiss"]
[EventRounds "6"]
[EventCountry "FAI"]
[SourceTitle "EXT 2024"]
[Source "ChessBase"]
[SourceDate "2023.10.10"]
[SourceVersion "1"]
[SourceVersionDate "2023.10.10"]
[SourceQuality "1"]

1. e4 c5 2. d4 cxd4 3. c3 d5 4. exd5 Qxd5 5. cxd4 Nc6 6. Nf3 e6 7. Nc3 Bb4 8. Bd2 Qd8 9. a3 Ba5 10. b4 Bb6 11. Be3 Nf6 12. Bd3 a5 13. 0-0 axb4 14. axb4 Rxa1 15. Qxa1 Nxb4 16. Qa4+ Nc6 17. Bb5 Bd7 18. Bg5 h6 19. Bh4 0-0 20. Ne4 g5 21. Nexg5 hxg5 22. Bxg5 Bc7 23. d5 exd5 24. Qh4 Ne5 25. Bxf6 Ng6 26. Qg5 Bf4 27. Qxd5 Qxf6 28. Qxd7 b6 29. Qg4 Qg7 30. h4 f5 31. Qh3 Qh6 32. g3 Bb8 33. Qg2 f4 34. Ng5 Kh8 35. Qd5 fxg3 36. Nf7+ Rxf7 37. Qxf7 Qxh4 38. Qe8+ Kh7 39. Qd7+ Kh8 40. Qe8+ Kh7 41. Qd7+ 1/2-1/2

[Event "FAI-ch Junior Gr D"]
[Site "Torshavn"]
[Date "2003.02.??"]
[Round "4"]
[White "Oksa, Jaakko"]
[Black "Hammer, Jon Ludvig"]
[Result "0-1"]
[WhiteElo "1734"]
[BlackElo "1698"]
[PlyCount "60"]
[EventDate "2003.02.??"]
[EventType "swiss"]
[EventRounds "6"]
[EventCountry "FAI"]
[SourceTitle "EXT 2024"]
[Source "ChessBase"]
[SourceDate "2023.10.10"]
[SourceVersion "1"]
[SourceVersionDate "2023.10.10"]
[SourceQuality "1"]

1. Nf3 f5 2. d4 Nf6 3. g3 g6 4. Bg2 Bg7 5. 0-0 0-0 6. c4 c6 7. Nc3 d6 8. Rb1 a5 9. d5 Qe8 10. Nd4 Bd7 11. a3 Na6 12. b4 axb4 13. axb4 Nc7 14. dxc6 bxc6 15. b5 c5 16. Nb3 Rb8 17. Na5 Kh8 18. Nc6 Bxc6 19. Bxc6 Qf7 20. Qb3 Ng4 21. Nd5 Ne6 22. Bb2 Ne5 23. Bxe5 dxe5 24. Qa3 f4 25. b6 g5 26. b7 Nd4 27. Qxc5 Nxe2+ 28. Kh1 Qh5 29. Nxe7 e4 30. Nf5 Qf3# 0-1

[Event "Nordic School-ch U14"]
[Site "Tjele"]
[Date "2002.02.14"]
[Round "2"]
[White "Oksa, Jaakko"]
[Black "Dragicevic, Drazen"]
[Result "1/2-1/2"]
[WhiteElo "1479"]
[BlackElo "1966"]
[PlyCount "75"]
[EventDate "2002.02.14"]
[EventType "swiss"]
[EventRounds "6"]
[EventCountry "DEN"]
[SourceTitle "EXT 2022"]
[Source "ChessBase"]
[SourceDate "2021.10.06"]
[SourceVersion "1"]
[SourceVersionDate "2021.10.06"]
[SourceQuality "1"]

1. Nf3 d5 2. g3 g6 3. Bg2 Bg7 4. 0-0 Nf6 5. d3 0-0 6. Nbd2 c5 7. e4 Nc6 8. c3 Qc7 9. Re1 Rd8 10. e5 Nd7 11. d4 cxd4 12. cxd4 Nb4 13. Ng5 h6 14. Nxf7 Kxf7 15. e6+ Kg8 16. exd7 Qxd7 17. Nb3 Rf8 18. a3 Nc6 19. Bf4 Qf5 20. Qd2 Bd7 21. Rac1 g5 22. Be5 e6 23. Bxg7 Kxg7 24. Nc5 Bc8 25. Qe3 Rf6 26. Bf1 h5 27. Rc3 Qg4 28. h3 Qxd4 29. Qxg5+ Kf8 30. Rce3 Rf5 31. Qh6+ Qg7 32. Nxe6+ Bxe6 33. Qxe6 Qf7 34. Qd6+ Kg8 35. Re6 Rxf2 36. Rg6+ Kh8 37. Rh6+ Kg8 38. Bg2 1/2-1/2